International bulletin of mission research

Detalles Bibliográficos
Título anterior:International bulletin of missionary research
Autores Corporativos: Overseas Ministries Study Center, Sage Publications
Formato: Electrónico Revista
Lenguaje:inglés
Publicado: London ; Los Angeles : SAGE, 2016-
Materias:
Acceso en línea:Full text available from Research Library: 07/01/1991 to 10/31/2016

MARC

LEADER 00000nas a2200000 i 4500
001 ssj0001827035
003 WaSeSS
005 20200512172242.0
006 m d
007 cr n
008 160223c20169999enkqr p s 0 a0eng c
010 |a  2016227978 
015 |a GBB656614  |2 bnb 
016 7 |a 017581496  |2 Uk 
022 |l 2396-9393  |y 2396-9393 
035 |a (WaSeSS)ssj0001827035 
040 |a NVS  |b eng  |c NVS  |d OCLCO  |d OCLCF  |d HCD  |d OCLCO  |d EMT  |d OCLCO  |d TLE  |d LNT  |d ICW  |d NDD  |d OCLCO  |d CUS  |d IUL  |d UKMGB  |d DLC  |d WaSeSS 
042 |a pcc 
050 0 0 |a BV2350  |b .O3 
050 0 4 |a BV2350  |b .O3 
222 0 |a International bulletin of mission research 
245 0 0 |a International bulletin of mission research  |h [electronic resource]. 
246 1 |i Known as:  |a IBMR 
260 |a London ;  |a Los Angeles :  |b SAGE,  |c 2016- 
310 |a Quarterly 
362 1 |a Began with: Volume 40, issue 1 (January 2016). 
500 |a Published by Sage Publications on behalf of the Overseas Ministries Study Center. 
506 |a License restrictions may limit access. 
515 |a Numbering continues from the previous title. 
588 |a Description based on: Volume 40, issue 1 (January 2016); title from cover. 
588 |a Latest issue consulted: Volume 42, issue 4 (October 2018). 
650 0 |a Missions  |v Periodicals. 
650 7 |a Missions  |2 fast  |0 (OCoLC)fst01023771 
655 0 |a Electronic journals. 
710 2 |a Overseas Ministries Study Center. 
710 2 |a Sage Publications. 
780 0 0 |t International bulletin of missionary research  |x 0272-6122  |w (DLC) 81641167  |w (OCoLC)6882616 
850 |a DLC 
856 4 0 |z Full text available from Research Library: 07/01/1991 to 10/31/2016  |u https://search.proquest.com/publication/37593